Statystyki dla Rodzaje naczelnych

Kliknij tutaj aby rozwiązać quiz!

Ogólne statystyki

  • Ten quiz został rozwiązany 103 razy
  • Średni wynik to 8 z 70

Statystyki odpowiedzi

Liczba gatunkówRodzaj% Poprawnych
2Goryl
91%
2Szympans
84%
2Orangutan
76%
5Pawian
66%
1Człowiek
63%
1Lemur
52%
1Nosacz
40%
22Kapucynka
38%
13Gibon
34%
23Makak
32%
12Wyjec
22%
26Koczkodan
22%
2Mandryl
17%
5Gereza
10%
7Czepiak
10%
2Lori
10%
4Marmozeta
9%
11Wyrak
8%
2Pigmejka
8%
20Tamaryna
6%
11Langur
5%
1Siamang
5%
1Palczak
5%
5Lemurek
5%
6Mangaba
4%
6Kotawiec
4%
1Dżelada
4%
7Sajmiri
4%
4Galago
3%
26Lepilemur
3%
2Wari
2%
3Duk
2%
9Sifaka
2%
20Uistiti
2%
5Saki
2%
5Uakari
2%
1Patas
2%
7Hulman
2%
1Indris
1%
4Mangabka
1%
1Kipunja
1%
5Rokselana
1%
1Wełnik
1%
3Wełniak
1%
11Ponocnica
1%
5Maki
1%
2Talapoin
1%
1Pragereza
0%
1Pagi
0%
14Lutung
0%
9Gerezanka
0%
9Awahi
0%
1Prolemur
0%
4Galagosek
0%
1Lemurak
0%
1Koczkodanek
0%
21Mikrusek
0%
2Otolemur
0%
2Mikrus
0%
4Widłogłówka
0%
2Muriki
0%
2Angwantibo
0%
8Kukang
0%
12Lemuria
0%
33Titi
0%
3Potto
0%
2Igłoszpon
0%
1Miko
0%
8Galagonik
0%
5Szatanka
0%

Rozkład punktacji

Percentyl według liczby udzielonych odpowiedzi

Procent ludzi z każdym wynikiem

Twoja historia wyników

Nie rozwiązałeś tego quizu